000 05497nam a2200493Ia 4500
001 dia_4893
003 CHAP
005 20240910180541.0
007 ta
008 220117s2012 mx do frm 001 0 spa d
010 _a175690
040 _cCHAP
_amxchpua
_erda
041 0 _aspa
_beng
090 _aTesis
_bA45
_c2012
100 1 _aAlmengor Gandara, José Roberto
240 1 0 _aTechnical economic analysis for the establishment of a packing plant mango (Mangifera indica) located in Tapachula, Chiapas.
_lEspañol
245 1 0 _aEstudio de factibilidad técnico-económico para el establecimiento de una planta empacadora de Mango (Mangifera índica) ubicada en Tapachula, Chiapas /
_cJosé Roberto Almengor Gandara y Francisco Javier Roque Guzmán
264 _aChapingo, México :
_bEl autor,
_c2012
300 _ax, 96 hojas :
_bgráficas, diagramas, tablas, fotos +
_e1 CD-ROM
336 _2rdacontent
_atexto
_btxt
337 _2rdamedia
_ano mediado
_bn
338 _2rdacarrier
_avolumen
_bnc
500 _aEl CD contiene reporte, artículo y diagramas
502 _aTesis
_b(Ingeniero Agroindustrial) --
_cUACh. Departamento de Ingeniería Agroindustrial,
_d2012
504 _aBibliografía: hojas 97-99
520 3 _aEl sector agropecuario en México y particularmente el del estado de Chiapas ha sido uno de los más abandonados en los últimos años, pues el apoyo gubernamental ha sido deficiente para elevar la producción y productividad de esta actividad económica, llevando a un atraso en la producción y disminución en la participación mundial de exportaciones de mango. Sin embargo, la exportación de mango proveniente de Chiapas, especialmente el Mango Ataulfo del Soconusco, representan una gran área de oportunidad, que a través del presente proyecto tiene el potencial de mejorar las condiciones de producción, aumentando con ello el nivel de competencia en el mercado internacional. Las condiciones del mercado internacional permiten incursionar en el mercado sin grandes complicaciones, puesto que los precios de productos orgánicos son buenos y su demanda se encuentra en aumento, además de que el consumo per cápita estimado de mango en el mercado estadounidense es de alrededor de 0.91278 kg. (2 libras). La metodología utilizada fue la propuesta por Ponce, (2006), complementada con la propuesta por FIRA, (1993), y Santoyo, (1999), la cual comprende los siguientes aspectos: diagnóstico de la zona, estudio de mercado y materia prima, organización social y administrativa, estudio técnico de ingeniería, análisis y evaluación financiera e impacto ambiental y dictamen. El final del análisis fue la determinación de la viabilidad tanto técnica como económica, además del impacto ambiental que traería el establecimiento de una planta empacadora de mango en Tapachula, Chiapas. Bajo las condiciones establecidas para este proyecto se concluyó que es viable económicamente porque se obtuvo una Tasa Interna de Retorno (TIR) de 20.4 % con un Valor Actual Neto (VAN) de $ 2, 079, 927.00 y una Relación Beneficio Costo (B/C) de 1.07.
520 3 _aThe agricultural sector in Mexico, particularly the state of Chiapas has been one of the most neglected, in recent years because government support has been poor to raise production and productivity of the sector, leading a delay in the production a decrease in the global share of exports of mango. However, the export of mango from Chiapas, especially the Soconusco Ataulfo Mango, represents a major area of opportunity, that through this project has the potential to improve the conditions of production, thereby increasing the level of competition in the international market. The International market conditions allow inroads into the market without major complications, since the prices of organic products are good and demand is increasing, in addition to the estimated per capita consumption of mango in the U.S. market is about 0.91278 kg. (2 pounds). The methodology used was the one proposed by Ponce (2006), supplemented with the proposal by FIRA (1993), and Santoyo (1999), which includes the following: diagnosis of the area, market research and raw material, social and administrative organization, engineering technical study, analysis and financial evaluation, environmental impact assessment and advices. The end of the analysis was to determine the technical and economic feasibility, environmental impact also would establish a mango packing plant in Tapachula, Chiapas. Under the established conditions for this project was concluded that is economically viable because it was obtained an Internal Rate of Return (IRR) of 20.4% with a Net Present Value (NPV) of $ 2, 079, 927.00 and a Benefit Cost Ratio (B / C) of 1.07.
650 1 3 _aMangos
_xProducción
_2atg
650 1 3 _aEnvasado de alimentos
_2atg
650 1 3 _aIniciativa empresarial
_zMéxico
_2atg
650 1 3 _aEntrepreneurship
_zMexico
_2atg
650 1 3 _aFood packing
_2atg
650 1 3 _aMangoes
_2atg
700 1 _aRoque Guzmán, Francisco Javier
_eautor
700 1 _aGarcía Chávez, Luis Ramiro
_edirector
700 1 _aSzymanski Duque, Rosa Guadalupe
_easesora
700 1 _aMena Nevárez, Gustavo
_easesor
856 4 1 _uhttp://10.13.5.2/tesis/115469.pdf
_yDESCARGAR PDF
901 _aTESIS A45 2012
902 _aM
905 _a5232272012 mx aml 8223223322spa16
942 _cTESIS
_2Clasificación Universidad Autónoma Chapingo
999 _c175690
_d175690